000 00435nam a22001577a 4500
003 macl
005 20241020142819.0
008 241020b |||||||| |||| 00| 0 eng d
040 _cmacl
082 _a420
100 _aSingh Ajay Kumar
_982633
245 _aSSC English (P.T. & Main) Self Study Section + Previous Years' Paper
260 _aNew Delhi
_bS.Chand And Company Limited
_c2024
650 _aEnglish
942 _2ddc
_cC. BOOKS
999 _c67303
_d67303